Regulatory roles and functions in Information-based regulation: A systematic review (Record no. 514622)

000 -LEADER
fixed length control field 01690nam a22001577a 4500
008 - FIXED-LENGTH DATA ELEMENTS--GENERAL INFORMATION
fixed length control field 201124b ||||| |||| 00| 0 eng d
100 ## - MAIN ENTRY--PERSONAL NAME
Personal name Bowen, Frances and Panagiotopoulos, Panos.
245 ## - TITLE STATEMENT
Title Regulatory roles and functions in Information-based regulation: A systematic review
260 ## - PUBLICATION, DISTRIBUTION, ETC. (IMPRINT)
Place of publication, distribution, etc International Review of Administrative Sciences
300 ## - PHYSICAL DESCRIPTION
Extent 86(2), Jun, 2020: p.203-221
520 ## - SUMMARY, ETC.
Summary, etc Information-based regulation occurs when regulators use information to drive changes in behaviours in order to achieve public policy objectives. Information-based regulation has emerged as an alternative way to regulate firms compared with more traditional direct command-and-control and market-based policy instruments within the contemporary regulatory state. Despite growing international interest, challenges remain in understanding the roles for regulators in information-based regulation, the functions of regulators in shaping and leveraging information flows, and the administrative capacities required to fulfil them. Based on a systematic review methodology, this article synthesises the findings of 130 peer-reviewed articles in the environmental, energy and food policy areas. It develops a typology of functions for regulators and outlines the new administrative capacities required in the contemporary regulatory state, particularly in standard setting, assurance and intermediation, and smart data management. – Reproduced
650 ## - SUBJECT ADDED ENTRY--TOPICAL TERM
Topical term or geographic name as entry element Administrative capacity, Information-based regulation, state smart disclosure, Systematic review
9 (RLIN) 19425
773 ## - HOST ITEM ENTRY
Main entry heading International Review of Administrative Sciences
906 ## - LOCAL DATA ELEMENT F, LDF (RLIN)
Subject DIP ADMINISTRATIVE CAPACITY
942 ## - ADDED ENTRY ELEMENTS (KOHA)
Item type Articles
Holdings
Withdrawn status Lost status Source of classification or shelving scheme Damaged status Not for loan Permanent location Current location Date acquired Serial Enumeration / chronology Barcode Date last seen Koha item type
          Indian Institute of Public Administration Indian Institute of Public Administration 2020-11-24 86(2), Jun, 2020: p.203-221 AR124102 2020-11-24 Articles

Powered by Koha